Normale Ansicht MARC-Ansicht ISBD

Forum Bestandserhaltung [Sammelband]: (Titelsatznr. 372463)

[ MARC ]
MARC-Details
000 -Satzkennung
Kontrollfeld mit fester Länge 00805nam a2200169 4500
005 - Datum und Zeit der letzten Transaktion
Kontrollfeld 20230516132302.0
008 - Feld mit fester Länge zur physischen Beschreibung - Allgemeine Angaben
Kontrollfeld mit fester Länge 230516b |||||||| |||| 00| 0 eng d
040 ## - Katalogisierungsquelle
Original-Katalogisierungsstelle DE-2950
Übertragungsstelle DE-2950
041 ## - Sprachcode
Sprachcode des Textes/der Tonspur oder des separaten Titels ger
245 ## - Titel
Titel Forum Bestandserhaltung [Sammelband]:
Zusatz zum Titel Blaubeurener Empfehlungen für die Restaurierung und Konservierung von Archiv- und Bibliotheksgut; Maßnahmen zur passiven Konservierung / von Martin Strebel ; Der endogene Zerfall von Archivgut - ein zwangsläufiges Phänomen? / von Klaus B. Hendriks; TRBA 240; Charakterisierung historischer Eisengallustinten mittels Mikro-Röntgenfluoreszenzanalyse .
300 ## - Physische Beschreibung
Umfang 12, 23, 36, 15, 10 Seiten.
500 ## - Allgemeine Fußnote
Allgemeine Fußnote Sammelband mit 5 Aufsätzen, gebunden.
653 ## - Indexierungsterm - Nicht normiert
Nicht-normierter Term Bestandserhaltung
653 ## - Indexierungsterm - Nicht normiert
Nicht-normierter Term Archiv
653 ## - Indexierungsterm - Nicht normiert
Nicht-normierter Term Bibliothek
942 ## - Zusätzliche Felder (Koha)
Klassifikation oder Aufstellungssystematik Andere/Generische Klassifikation
Koha-Medientyp Bücher
Exemplare
Ausgeschieden Verloren Klassifikation oder Aufstellungssystematik Beschädigt Nicht entleihbar Heimatbibliothek Aufenthaltsbibliothek Aufstellungsort Erwerbungsdatum Lieferant Kodierter Standort-Qualifier Anzahl Ausleihen Signatur Letzte Aktivität Exemplarnummer Preis gültig von Koha-Medientyp
    Andere/Generische Klassifikation     Stadtarchiv Frankfurt (Oder) | Archivbibliothek Stadtarchiv Frankfurt (Oder) | Archivbibliothek Magazin 16/05/2023 Geschenk M   IV: 1584 16/05/2023 82/2023 16/05/2023 Bücher